Histochemical changes in embryogenic and non-embryogenic calli of Hevea brasiliensis (Record no. 46751)
[ view plain ]
| 000 -LEADER | |
|---|---|
| fixed length control field | 00751nam a2200253Ia 4500 |
| 100 ## - MAIN ENTRY--AUTHOR NAME | |
| Personal name | Jayasree P K |
| 245 #0 - TITLE STATEMENT | |
| Title | Histochemical changes in embryogenic and non-embryogenic calli of Hevea brasiliensis |
| 260 ## - PUBLICATION, DISTRIBUTION, ETC. (IMPRINT) | |
| Name of publisher | Natural Rubber Research |
| Year of publication | 2012 |
| 300 ## - PHYSICAL DESCRIPTION | |
| Number of Pages | 86-90 |
| 500 ## - GENERAL NOTE | |
| General note | Source Year: 2012 |
| 650 ## - SUBJECT ADDED ENTRY--TOPICAL TERM | |
| Topical Term | Embryogenic callus |
| 650 ## - SUBJECT ADDED ENTRY--TOPICAL TERM | |
| Topical Term | Embryogenic callus |
| 650 ## - SUBJECT ADDED ENTRY--TOPICAL TERM | |
| Topical Term | Histochemical characterization |
| 650 ## - SUBJECT ADDED ENTRY--TOPICAL TERM | |
| Topical Term | Histochemical characterization |
| 650 ## - SUBJECT ADDED ENTRY--TOPICAL TERM | |
| Topical Term | Non-embryogenic callus |
| 650 ## - SUBJECT ADDED ENTRY--TOPICAL TERM | |
| Topical Term | Non-embryogenic callus |
| 650 ## - SUBJECT ADDED ENTRY--TOPICAL TERM | |
| Topical Term | Storage reserves |
| 650 ## - SUBJECT ADDED ENTRY--TOPICAL TERM | |
| Topical Term | Storage reserves |
| 700 ## - ADDED ENTRY--PERSONAL NAME | |
| Personal name | Kala R G |
| 700 ## - ADDED ENTRY--PERSONAL NAME | |
| Personal name | Reghu C P |
| 700 ## - ADDED ENTRY--PERSONAL NAME | |
| Personal name | Thulaseedharan A |
| 942 ## - ADDED ENTRY ELEMENTS (KOHA) | |
| Koha item type | Articles |
| Withdrawn status | Lost status | Damaged status | Not for loan | Home library | Current library | Shelving location | Date acquired | Serial Enumeration / chronology | Koha item type |
|---|---|---|---|---|---|---|---|---|---|
| Articles | RRII Library | RRII Library | Biotechnology | 13/03/2013 | Volume 25, Issue 1 | Articles |